| 000 | 00688nam a22001937a 4500 | ||
|---|---|---|---|
| 999 |
_c17721 _d17721 |
||
| 003 | AR-CdUCM | ||
| 008 | 190509b ||||| |||| 00| 0 spa d | ||
| 040 |
_aMUNICIPALIDAD PROVINCIAL DEL CUSCO _cBIBLIOTECA MUNICIPAL DEL CUSCO |
||
| 082 |
_a321.4 / _bR84 |
||
| 100 |
_aRostow, Eugene V. _937870 |
||
| 245 |
_aPlaneamiento para la libertad : _bEl derecho publico del capitalismo norteamericano / |
||
| 260 |
_aBuenos Aires : _bOmeba, _c1962. |
||
| 300 |
_a350 páginas ; _c24 cm. |
||
| 505 | _aContenido : Planeamiento para la libertad... | ||
| 650 |
_aLibertad. _92892 |
||
| 700 |
_aGarcia Daireaux, Delia (traductora) y otros _937871 |
||
| 942 |
_2ddc _cLIBROS |
||
| 945 |
_arum _d2019-05-09 |
||